000 01537nam a2200265Ia 4500
003 OSt
005 20210907160453.0
008 210310s2005 cl fr 000 0 eng d
020 _a9211215447
040 _aCO-JMCR
_cCO-JMCR
041 0 _aeng
082 0 4 _a339.5 /
_bG427f
_223
100 1 _aGhymers, Christian,
_917463
_eautor
245 1 0 _aFostering economic policy coordination in Latin America :
_bthe redima approach to escaping the prisoner´s dilemma /
_cChristian Ghymers
260 _aSantiago de Chile :
_bECLAC,
_c2005
300 _a162 páginas :
_bilustraciones y gráficas a blanco y negro ;
_c23 cm.
490 0 _aLibros Cepal ;
_v82
500 _aIncluye notas a pie de página.
504 _aBibliografía: páginas: 161-162
505 0 _a"The remains of the Day ", in terms of theory -- "Gone with the Wind" in attempts at international coordination -- History of the emergence of the European monetary pole through economic policy coordination -- General philosofhy of the European coordination model -- General principles derived from coordination experiences -- Applicability to Latin America: yhe REDIMA approach --Three major obstacles to regional macroeconomics -- Some key guidelines for escaping the prisioner´s dilema -- Operational conclusions: applying the cooperative -- The REDIMA I experiment (2000-2003
650 1 4 _aMacroeconomía
_917465
_zAmérica Latina
650 2 4 _aEconomía regional
_zAmérica Latina
_940118
650 2 4 _aPolítica económica
_zAmérica Latina
_96784
942 _2ddc
_cBK
999 _c8504
_d8504